The social and political thought of Karl Marx
Αποθηκεύτηκε σε:
| Κύριος συγγραφέας: | |
|---|---|
| Μορφή: | Βιβλίο |
| Γλώσσα: | English |
| Δημοσίευση: |
Cambridge :
Cambridge university press,
1968
|
| Θέματα: | |
| Ετικέτες: |
Προσθήκη ετικέτας
Δεν υπάρχουν, Καταχωρήστε ετικέτα πρώτοι!
|
MARC
| LEADER | 00000nam a2200000 i 4500 | ||
|---|---|---|---|
| 001 | 1/30719 | ||
| 008 | 960425s1968 eng d | ||
| 020 | |a 0521096197 | ||
| 035 | |l 10023451 | ||
| 040 | |a GR-MY-UA |b gre |e aacr | ||
| 041 | 0 | |a eng | |
| 082 | 0 | |a 335.4 | |
| 100 | 1 | |a Avineri, Shlomo. | |
| 245 | 1 | 4 | |a The social and political thought of Karl Marx |
| 260 | |a Cambridge : |b Cambridge university press, |c 1968 | ||
| 300 | |a 268 p. | ||
| 600 | 1 | 0 | |a Marx, Karl, |d 1818-1883. |
| 852 | |a INST |b CHIOS |e 19960425 |h 335.4 AVI |p 005200005398 |q 005200005398 |t BK |y 0 | ||
| 909 | |a Χ |b 001648 | ||